[Event "ITA-ch Seniors 50 44th"]
[Site "Macerata"]
[Date "2022.09.27"]
[Round "3"]
[White "Burgassi, Daniele"]
[Black "Capossela, Fabio"]
[Result "1-0"]
[WhiteElo "1688"]
[BlackElo "1513"]
[PlyCount "55"]
[EventDate "2022.09.25"]
[EventType "swiss"]
[EventRounds "9"]
[EventCountry "ITA"]
[SourceTitle "EXT 2024"]
[Source "ChessBase"]
[SourceDate "2023.10.10"]
[SourceVersion "1"]
[SourceVersionDate "2023.10.10"]
[SourceQuality "1"]

1. e4 c5 2. Nc3 g6 3. f4 Bg7 4. Nf3 Nc6 5. a3 e6 6. b4 cxb4 7. axb4 Nxb4 8. Ba3 Nc6 9. Nb5 Nge7 10. Bd6 0-0 11. Bc7 Qe8 12. Nd6 Bxa1 13. Nxe8 Bh8 14. Nd6 a6 15. Qb1 b5 16. c3 f5 17. Nxc8 Raxc8 18. Bd6 fxe4 19. Qxe4 Rf5 20. Bxe7 Nxe7 21. Qb7 Rxf4 22. Qxd7 Re4+ 23. Kd1 Kf8 24. Bd3 Ra4 25. Ke2 e5 26. Ng5 h6 27. Rf1+ Rf4 28. Ne6+ 1-0

[Event "ITA-ch C"]
[Site "Civitanova Marche"]
[Date "2012.07.19"]
[Round "5"]
[White "Renzetti, Leonardo"]
[Black "Capossela, Fabio"]
[Result "1-0"]
[WhiteElo "1743"]
[BlackElo "1693"]
[PlyCount "65"]
[EventDate "2012.07.15"]
[EventType "swiss"]
[EventRounds "8"]
[EventCountry "ITA"]
[SourceTitle "EXT 2023"]
[Source "ChessBase"]
[SourceDate "2022.10.05"]
[SourceVersion "1"]
[SourceVersionDate "2022.10.05"]
[SourceQuality "1"]

1. d4 Nf6 2. c4 d5 3. Nc3 g6 4. cxd5 Nxd5 5. e4 Nb6 6. Nf3 Bg7 7. Be3 Nc6 8. h3 0-0 9. Be2 f5 10. e5 h6 11. h4 f4 12. Bc1 Bg4 13. d5 Nxe5 14. Nxe5 Bxe2 15. Qxe2 Bxe5 16. Qxe5 Rf5 17. Qe6+ Kg7 18. 0-0 Rf6 19. Qe5 Qd6 20. Bxf4 Nc4 21. Qxd6 exd6 22. Be3 Rf7 23. b3 Na5 24. Rac1 b6 25. Nb5 Rf5 26. Rxc7+ Kg8 27. Bxh6 Rxd5 28. Re1 Rxb5 29. Ree7 Rh5 30. Rg7+ Kf8 31. Rh7+ Kg8 32. Rcg7+ Kf8 33. Rh8# 1-0

[Event "Foligno op"]
[Site "Foligno"]
[Date "2008.06.07"]
[Round "3"]
[White "Capossela, Fabio"]
[Black "Fratini, Mauro"]
[Result "0-1"]
[WhiteElo "1620"]
[BlackElo "1976"]
[PlyCount "37"]
[EventDate "2008.06.06"]
[EventType "swiss"]
[EventRounds "6"]
[EventCountry "ITA"]
[SourceTitle "EXT 2009"]
[Source "ChessBase"]
[SourceDate "2008.11.26"]
[SourceVersion "1"]
[SourceVersionDate "2008.11.26"]
[SourceQuality "1"]

1. d4 Nf6 2. c4 g6 3. Nf3 Bg7 4. Nc3 d5 5. Bf4 c6 6. Qa4 0-0 7. Bxb8 Rxb8 8. Qxa7 Bg4 9. Ne5 Bf5 10. e3 Nd7 11. Nxd7 Qxd7 12. f4 Qe6 13. Kf2 dxc4 14. Qb6 Rbd8 15. Be2 Rb8 16. Rhd1 Rbd8 17. Bf3 Qc8 18. Qb4 Bd3 19. Qxe7 0-1